LIBRARY & INFORMATION CENTRE, KCAET, TAVANUR

ONLINE PUBLIC ACCESS CATALOGUE (OPAC)

Hand book of electrical and electronics engineering fundamentals / (Record no. 9994)

MARC details
000 -LEADER
fixed length control field 00520cam a2200193ua 4500
020 ## - INTERNATIONAL STANDARD BOOK NUMBER
ISBN 81 7544 031 7
041 ## - LANGUAGE CODE
Language code of text/sound track or separate title eng
082 ## - DEWEY DECIMAL CLASSIFICATION NUMBER
Classification number 621.3
Item number KHA/HA
100 ## - MAIN ENTRY--AUTHOR NAME
Personal name Khanna, V K .
245 ## - TITLE STATEMENT
Title Hand book of electrical and electronics engineering fundamentals /
250 ## - EDITION STATEMENT
Edition statement 1 /
260 ## - PUBLICATION, DISTRIBUTION, ETC. (IMPRINT)
Place of publication Allahabad :
Name of publisher Wheeler publishing ,
Year of publication 1997.
300 ## - PHYSICAL DESCRIPTION
Number of Pages 703 ; .
500 ## - GENERAL NOTE
General note 20115 Ref
942 ## - ADDED ENTRY ELEMENTS (KOHA)
Koha item type Books
Holdings
Withdrawn status Lost status Damaged status Home library Current library Date acquired Full call number Accession Number Koha item type
      KAUAET KAUAET 07/04/2012 621.3 20115 Reference
free website counter